000
00333nam a2200145Ia 4500
008
221030s9999 xx 000 0 und d
041
_a
English
082
_a
105.23
_b
Raj
100
_a
R. K. Rajput
245
0
_a
Alternating Current Machines
260
_b
Laxmi Pub
_a
New Delhi
_c
1998
300
_a
589
650
_a
EE
942
_c
BK
999
_c
1680
_d
1680